The new political conscience for the church / (Record no. 107)
[ view plain ]
| 000 -LEADER | |
|---|---|
| fixed length control field | 00485nam a22001577a 4500 |
| 008 - FIXED-LENGTH DATA ELEMENTS--GENERAL INFORMATION | |
| fixed length control field | 260108b |||||||| |||| 00| 0 eng d |
| 010 ## - LIBRARY OF CONGRESS CONTROL NUMBER | |
| LC control number | 2024418351 |
| 020 ## - INTERNATIONAL STANDARD BOOK NUMBER | |
| International Standard Book Number | 9789787947623 |
| 100 ## - MAIN ENTRY--PERSONAL NAME | |
| Personal name | Yamsat, Pandang and Cirman, Daniel, |
| 245 ## - TITLE STATEMENT | |
| Title | The new political conscience for the church / |
| Statement of responsibility, etc. | Pandang Yamsat ; Daniel Cirman. |
| 250 ## - EDITION STATEMENT | |
| Edition statement | 1 |
| 260 ## - PUBLICATION, DISTRIBUTION, ETC. | |
| Place of publication, distribution, etc. | Jos, Nigeria. |
| Name of publisher, distributor, etc. | Hallel & Partners Publishing Group: |
| Date of publication, distribution, etc. | 2022. |
| 300 ## - PHYSICAL DESCRIPTION | |
| Extent | xv, 157p. |
| Dimensions | 21 cm |
| 942 ## - ADDED ENTRY ELEMENTS (KOHA) | |
| Source of classification or shelving scheme | Dewey Decimal Classification |
No items available.
